Giám đốc doanh nghiệp nhà nước trong cơ chế thị trường
Gorde:
| Egile nagusia: | |
|---|---|
| Formatua: | Liburua |
| Hizkuntza: | Undetermined |
| Argitaratua: |
Hà Nội
CTQG
1999
|
| Gaiak: | |
| Etiketak: |
Etiketa erantsi
Etiketarik gabe, Izan zaitez lehena erregistro honi etiketa jartzen!
|
| Thư viện lưu trữ: | Trung tâm Học liệu Trường Đại học Cần Thơ |
|---|
| LEADER | 00497nam a2200169Ia 4500 | ||
|---|---|---|---|
| 001 | CTU_47348 | ||
| 008 | 210402s9999 xx 000 0 und d | ||
| 082 | |a 658.409 | ||
| 082 | |b T120 | ||
| 100 | |a LÊ VĂN TÂM | ||
| 245 | 0 | |a Giám đốc doanh nghiệp nhà nước trong cơ chế thị trường | |
| 245 | 0 | |c LÊ VĂN TÂM | |
| 260 | |a Hà Nội | ||
| 260 | |b CTQG | ||
| 260 | |c 1999 | ||
| 650 | |a executives | ||
| 980 | |a Trung tâm Học liệu Trường Đại học Cần Thơ | ||